000 01067nam a2200301 i 4500
003 EG-GICUC
005 20260507195356.0
008 260507s1948 ua ||||fr|||| 00| 0 ara d
040 _a EG-GICUC
_c EG-GICUC
_d EG-GICUC
_erda
_bara
041 _aara
_hara
082 0 4 _221
_a343.3752062
_bح م . م
092 0 4 _221
099 _aLaw1 10 343.3752062 ح م . م 1948
100 0 _aحمادة الناحل
_eمؤلف.
245 1 0 _aمحكمة جنايات مصر :
_bدفاع /
_cحمادة الناحل.
264 3 _aلا يوجد مكان للنشر :
_bدار النيل للطباعة،
_c1948.
300 _a91 صفحة ;
_c24 سم.
336 _2rda content
_atext
337 _2rda media
_aComputer
338 _2rda carrier
_aOnline Resource
546 _aالنص باللغة العربية
650 1 _2القانون الجنائي
650 1 _2الإجراءات أمام محكمة الجنايات
_zمصر
650 1 _2دفاع
856 4 0 _uhttps://fll.law.cu.edu.eg/fulltext/bks/B10-12258.pdf
905 _a43
942 _2ddc
_n0
_cBK
_e21
999 _c76222
_d76222